000 01839nam a22003617a 4500
001 106035
003 KnowledgeUnlatched
005 20210303104929.0
006 m o d
007 cr u||||||||||
008 210129p20202020xx o u00| u fre d
037 _5BiblioBoard
245 0 3 _aLa Représentation du Discours Autre
_bPrincipes pour une description /
_cJacqueline Authier-Revuz.
020 _a9783110641226
024 8 _ahttp://dx.doi.org/10.1515/9783110641226
029 1 _ahttps://library.biblioboard.com/ext/api/media/8eed9a0a-9872-453f-a186-abed4cc78c67/assets/thumbnail.jpg
040 _aScCtBLL
_cScCtBLL
100 1 _aAuthier-Revuz, Jacqueline
_eauthor.
264 1 _bDe Gruyter,
300 _a1 online resource (1 p.)
506 0 _aAccess copy available to the general public.
_fUnrestricted
_2star
520 _aThis book offers a general model of reported speech that relies on clear, well-argued theoretical choices in order to describe accurately the diversity of observed situations. The metalanguage/alterity articulation is critically discussed at various levels (language, discourse, subject) where a central function of differential auto-configuration takes place.
588 0 _aDescription based on print version record.
590 _aKU Romance Studies
650 7 _aLanguage Arts & Disciplines / Linguistics
_2bisacsh
650 0 _aLanguage arts
655 0 _aElectronic books.
758 _iIs found in:
_aKnowledge Unlatched
_1https://openresearchlibrary.org/module/2774bc74-146a-484f-a7ba-ab1d6a09bbfb
856 4 0 _uhttps://openresearchlibrary.org/content/8eed9a0a-9872-453f-a186-abed4cc78c67
_zView this content on Open Research Library.
_70
999 _c33004
_d33004